Allerlei-Rauh : eine Chronik /

Bibliographic Details
Main Author: Kirsch, Sarah
Format: Book
Language:German
Published: Stuttgart : Deutsche Verlags-Anstalt, [1988]

MARC

Tag First Indicator Second Indicator Subfields
LEADER 00000cam a2200000 a 4500
001 in00000036114
005 20151007055351.0
008 880512s1988 gw 00011 ger d
020 |a 3421063818 
035 |a (OCoLC)17944344 
035 |9 AAB8051AM 
040 |a WAU  |c WAU  |d TXA  |d UtOrBLW 
049 |a TXAM  |c [A11074239] 
050 4 |a PT2671.I758  |b Z462 1988 
100 1 |a Kirsch, Sarah. 
245 1 0 |a Allerlei-Rauh :  |b eine Chronik /  |c Sarah Kirsch. 
264 1 |a Stuttgart :  |b Deutsche Verlags-Anstalt,  |c [1988] 
264 4 |c ©1988 
300 |a 109 pages ;  |c 21 cm. 
336 |a text  |b txt  |2 rdacontent 
337 |a unmediated  |b n  |2 rdamedia 
338 |a volume  |b nc  |2 rdacarrier 
999 |a MARS 
999 f f |s 23e28a6f-556f-30ce-ae26-f0e238d9c2cd  |i 24f0707e-ddb1-386e-b8e3-dfe44d722a41  |t 0 
952 f f |p ric  |a Texas A&M University  |b Rellis Campus  |c Joint Library Facility  |d Remote Storage  |t 0  |e PT2671.I758 Z462 1988  |h Library of Congress classification  |i unmediated -- volume  |m A14811074239 
998 f f |a PT2671.I758 Z462 1988  |t 0  |l Remote Storage